Statistiques concernant Buteurs tchécoslovaques en Coupe du Monde

Cliquez ici pour prendre le quiz!

Statistiques générales

  • Ce quiz a été pris 7 fois
  • Le résultat moyen est 5 sur 23

Statistiques - réponses

Nombre de butsClubNom du joueur% Correct
2Rapid VienneAntonín Panenka
43%
2Sparta PragueMichal Bílek
43%
5Sparta PragueTomáš Skuhravý
43%
1Sparta PragueIvan Hašek
29%
1Dukla PragueJosef Masopust
29%
1Dukla PragueMilan Luhový
29%
4Dukla PardubiceZdenék Zikán
29%
3Inter BratislavaAdolf Scherer
14%
2Slavia PragueAntonín Puč
14%
1Slavia PragueFrantišek Svoboda
14%
11. FC Kralovy VaryJiři Feureisl
14%
1Slavia PragueJiří Sobotka
14%
1SONP KladnoJosef Kadraba
14%
1Sparta PragueJosef Košťálek
14%
1Sparta PragueJosef Zeman
14%
1Spartak TrnavaJozef Štibrányi
14%
2Inter BratislavaLadislav Petráš
14%
1FiorentinaLuboš Kubík
14%
2Dukla PragueMila Dvořák
14%
7Sparta PragueOldřich Nejedlý
14%
2Sparta PragueVáclav Hovorka
14%
1Sparta PragueVáclav Mašek
14%
1Slavia PragueValstimil Kopecký
14%

Distribution des résultats

Percentile par nombre de réponses

% des personnes avec chaque résultat

Votre développement - résultats

Vous n’avez pas pris ce quiz